000
00295 a2200133 4500
001
64399
082
_a
658.8 STA
090
_c
38028
_d
38028
100
_a
Stanton, W.J
245
_a
Fundamentals of Marketing
250
_a
10th Edition
260
_a
New delhi
_c
McGraw-Hill
300
_a
697p
942
_a
CAE NUST
_k
658.8 STA
999
_c
299472
_d
299472